Länder die Kydo mag - Statistiken

Allgemein
  • Dieses Quiz wurde 9 mal gespielt
  • Das Durchschnittsergebnis liegt bei 8 aus 13
Antwortstatistiken
Antwort % Korrekt
China
100%
Indonesien
100%
Thailand
100%
Japan
83%
Süd Korea
67%
Taiwan
67%
Kanada
50%
Mikronesien
50%
Singapur
50%
Vietnam
50%
Brunei
33%
Malaysia
33%
Mongolei
33%
Keine übereinstimmenden Quizze gefunden
Verteilung der Resultate
Anzahl Personen mit jedem Resultat
Perzentil nach korrekt beantworteten Fragen
Ihre Resultats-Entwicklung
Sie haben dieses Quiz noch nicht gespielt